عرض عادي
عرض مارك
- Electronic videos.
مدخل تقسيم شكلي
001 - رقم الضبط
- حقل الضبط: 89120
003 - معرف رقم الضبط
- حقل الضبط: OSt
005 - تاريخ ووقت أخر عملية
- حقل الضبط: 20220213133119.0
008 - عناصر بيانات ثابتة الطول
- حقل تحكم ثابت الطول: 220213|| aca||aabn | a|a d
040 ## - مصدر الفهرسة
- هيئة الفهرسة الأصلية: OSt
- وكالة الكتابة: OSt
155 ## - الراس-نوع ادبي/مصطلح شكلي
- النوع الادبي/المصطلح الشكلي: Electronic videos.
670 ## - بيانات المصدر موجوده
- الاستشهاد بالمصدر: Work cat.: (OSt)0: Harris, Omar, author 89119, CCNA Security 210-260
